000 01021cam a2200301 a 4500
001 17323
003 BD-RjUL
005 20211209000124.0
008 140216s1953 enk 000 0 eng
035 _a(BD-RjUL)17381
040 _aDLC
_cDLC
_dDLC
_beng
041 _aeng
082 0 0 _a811.52
_219
_bWAB 1953
100 1 _aWarren, Robert Penn,
_d1905-1989.
_953378
245 1 0 _aBrother to dragons :
_ba tale in verse and voices /
_cby Robert Penn Warren.
260 _aLondon :
_bEyre & Spottiswoode,
_cc1953.
300 _axii, 230 p. ;
_c21 cm.
600 1 0 _aJefferson, Thomas,
_d1743-1826
_953386
600 1 0 _aLewis, Lucy Jefferson,
_d1752-1811
_953387
600 1 0 _aLewis, Isham,
_d-1815?
_953388
600 1 0 _aLewis, Lilburn,
_d-1812
_953389
650 0 _aAfrican Americans
_xCrimes against
_zKentucky
_vPoetry.
_953383
650 0 _aSlavery
_zKentucky
_xHistory
_vPoetry.
_953384
650 0 _aMurder
_zKentucky
_xHistory
_vPoetry.
_953385
942 _2ddc
_cBK
999 _c17323
_d17323